000 00591nam a2200205Ia 4500
999 _c35795
_d35795
003 GCL
005 20240530102954.0
008 140319s9999 xx 000 0 ara d
040 _aGCL /
_cGCL
082 0 4 _a191
_bع ا
100 1 _aعبدالرحمن بدوى
245 1 0 _aالاخلاق النظرية /
_cعبدالرحمن بدوى
260 _a[S.N] :
_bوكالة المطبوعات ،
_c1975
300 _a288 ص. ؛
_c24 سم
650 0 4 _aالعلم
650 0 4 _aالفلسفة
650 0 4 _aالاخلاص
650 0 4 _aالفلسفة - نظريات
942 _2ddc
_cBK